Länder mit den wenigstens Touristen in Asien - Statistiken

Allgemein
  • Dieses Quiz wurde 326 mal gespielt
  • Das Durchschnittsergebnis liegt bei 11 aus 15
Antwortstatistiken
Platz Land Touristen in Mio. % Korrekt
11. Tadschikistan 1,25 Mio.
87%
13. Irak 1,52 Mio.
86%
3. Bhutan 0,27 Mio.
84%
5. Jemen 0,37 Mio.
84%
7. Pakistan 0,97 Mio.
84%
6. Mongolei 0,53 Mio.
80%
8. Usbekistan 0,98 Mio.
79%
4. Brunei 0,28 Mio.
77%
1. Osttimor 0,08 Mio.
77%
10. Nepal 1,17 Mio.
75%
2. Kuwait 0,2 Mio.
73%
14. Armenien 1,65 Mio.
71%
9. Bangladesch 1,03 Mio.
69%
15. Katar 1,82 Mio.
67%
12. Malediven 1,48 Mio.
45%
Keine übereinstimmenden Quizze gefunden
Verteilung der Resultate
Anzahl Personen mit jedem Resultat
Perzentil nach korrekt beantworteten Fragen
Ihre Resultats-Entwicklung
Sie haben dieses Quiz noch nicht gespielt